Έλληνες στην Ολλανδία
Αποθηκεύτηκε σε:
| Συλλογικό Έργο: | , |
|---|---|
| Άλλοι συγγραφείς: | , , |
| Μορφή: | Βιβλίο |
| Γλώσσα: | Greek Dutch |
| Δημοσίευση: |
Αθήνα :
Εθνικό Κέντρο Κοινωνικών Ερευνών; Eυρωπαϊκό Πολιτιστικό Κέντρο Δελφών,
1990.
|
| Θέματα: | |
| Ετικέτες: |
Προσθήκη ετικέτας
Δεν υπάρχουν, Καταχωρήστε ετικέτα πρώτοι!
|
MARC
| LEADER | 00000cam a2200000 i 4500 | ||
|---|---|---|---|
| 001 | 1/54441 | ||
| 008 | 960621s1990 gr | ||| |||| ||gre|| | ||
| 020 | |a 9607093186 | ||
| 035 | |l 10027684 | ||
| 040 | |a GR-MyUA |b gre |e AACR2 | ||
| 041 | 1 | |a gre |h dut | |
| 082 | 0 | |a 304.84950492 | |
| 245 | 0 | 0 | |a Έλληνες στην Ολλανδία / |c Hans Vermeulen...[κ. ά.] ; μεταφράστρια Ρίκη Βαν Μπουσχότεν ; επιμέλεια Παντελής Μπουκάλας. |
| 260 | |a Αθήνα : |b Εθνικό Κέντρο Κοινωνικών Ερευνών; Eυρωπαϊκό Πολιτιστικό Κέντρο Δελφών, |c 1990. | ||
| 300 | |a 165 σ. | ||
| 500 | |a Τίτλος πρωτοτύπου: Migranten in de Nederlandse samenleving - 3. De grieken. | ||
| 504 | |a Περιέχει Βιβλιογραφικές παραπομπές. | ||
| 650 | 0 | 0 | |a Greeks |z Netherlands. |
| 651 | 0 | |a Greece |x Emigration and immigration. | |
| 651 | 0 | |a Netherlands |x Emigration and immigration. | |
| 700 | 1 | |a Vermeulen, Hans. | |
| 700 | 1 | |a Μπουκάλας, Παντελής, |d 1957- |e edt | |
| 700 | 1 | |a Boeschoten, Riki van, |e trlf | |
| 710 | 2 | |a Ευρωπαϊκό Πολιτιστικό Κέντρο Δελφών. | |
| 710 | 2 | |a Εθνικό Κέντρο Κοινωνικών Ερευνών. | |
| 852 | |a INST |b CHIOS |e 19970207 |h 304.84950492 ΕΛΛ |p 005200010715 |q 005200010715 |t BK |y 0 | ||
| 852 | |a INST |b LESVOS |e 19960621 |h 304.809495 ΕΛΛ |p 005100009873 |q 005100009873 |t BK |y 0 | ||
| 852 | |a INST |b RHODES |e 20000424 |h 304.84950492 ΕΛΛ |p 005400013519 |q 005400013519 |t BK |y 0 | ||
| 901 | |a BIBL4-2000-1 | ||